[Event "GRENKE Chess Classic"]
[Site "?"]
[Date "2017.04.17"]
[Round "3.3"]
[White "Caruana, Fabiano"]
[Black "Meier, Georg"]
[Result "1-0"]
[WhiteElo "2817"]
[BlackElo "2630"]
[EventDate "2017.??.??"]
[Annotator "Bojkov,Dejan"]
[PlyCount "69"]
[Beauty "8044876400168"]
[EventType "swiss"]
[EventRounds "7"]
[WhiteClock "0:02:58"]
[BlackClock "0:00:36"]

1.e4 e6 2.d4 d5 3.Nc3 dxe4 4.Nxe4 Nd7 {Meier's opening repertoire is quite narrow, albeit solid. This allows some in-depth preparations like the one that we are about to see.} 5.Nf3 Ngf6 6.Nxf6+ Nxf6 7.Be3 Bd6 {The last game between these two players in the Rubinstein French took somewhat different course:} ( 7...Nd5 8.Bd2 c5 9.Bb5+ Bd7 10.Bxd7+ Qxd7 11.c4 Nb6 12.Rc1 {and at the end White prevailed, Caruana,F (2757)-Meier,G (2640) Baden-Baden 2013} ) 8.Bd3 O-O 9.Qe2 b6 10.O-O-O Bb7 11.Kb1 c5 12.Bg5 {To provoke h7-h6 makes sense. In the pawn races which are about to start soon every hook counts.} 12...h6 {All of this was executed fast and Caruana uncorked a novelty:} 13.Bh4 $146 {"Less direct, but Black still needs to solve the problem with the development of he pieces" - Caruana. One has to be from another planet not to expect Meier to be unprepared after:} ( 13.h4 {A move which the German GM faced a few months ago.} 13...cxd4 14.Nxd4 Be7 15.Bxf6 Bxf6 16.Nxe6 fxe6 17.Qxe6+ Kh8 18.Qf5 g6 19.Qxg6 Qc7 20.Qxh6+ Kg8 21.Qg6+ Kh8 22.Bf5 Bc8 23.Qh5+ Kg8 24.Rd7 {1-0 (24) Kulaots,K (2564)-Meier,G (2648) Sweden 2017} ) 13...Rc8 14.c3 {Both Caruana and Meier believed that this is actually the new move.} 14...Be7 15.Bg3 {"It is important that this moves stops Qd8-c7" (Caruana).} 15...cxd4 ( {Caruana only mentioned that} 15...Bxf3 16.gxf3 cxd4 {allows White many dangerous possibilities and it was obvious that this was still part of his preparation.} ) 16.Nxd4 Rc5 {The best defense. Meier lifts a rook to defend the fifth rank and prepares to double along the c-file.} ( {None of the player did not even bother to mention the suicidal} 16...Bxg2 {which self-opens the guns against the Black king. The punishment could be:} 17.Rhg1 Bd5 18.Bf4 Kh8 19.Bxh6 $1 gxh6 20.Qe3 Ng8 21.Rxg8+ $1 Kxg8 22.Qxh6 f5 23.Rg1+ Kf7 24.Qg6# ) 17.Rhe1 {An useful central move, although both} ( 17.f3 {and} ) ( 17.f4 {deserve further investigation.} ) 17...Qc8 18.Be5 $1 {Caruana wants to get the kingside pawns in a clash as quick as possible. This clever move wins a tempo.} 18...Nd7 {A good decision. The problem was that Black spent tons of time on it.} 19.Bf4 ( {Meier used the time to calculate the lines after:} 19.f4 Nxe5 20.fxe5 Bd8 21.Bc2 Bc7 22.Qd3 g6 23.Qg3 Qb8 $1 24.Nxe6 ( 24.Bxg6 Bxe5 {followed by Be5-g7 is solid for Black.} ) 24...Bxe5 25.Qh3 ( {There is a slight glitch in Black's calculations. In the line:} 25.Qd3 Rd5 26.Qxd5 Bxd5 27.Nxf8 Bxa2+ 28.Kxa2 Kxf8 29.g3 {White should be better thanks to the active rooks.} ) 25...Bc8 $1 {and this indeed might end in a draw after some further fireworks:} 26.Qxh6 Bxe6 27.Bxg6 fxg6 28.Qxg6+ Bg7 29.Qxe6+ Kh8 30.Qh3+ {Needless to say, Caruana calculated none of it...} ) 19...Nf6 {There seems to be nothing better.} 20.h4 ( {The other option was:} 20.g4 Nd5 ( 20...Rd8 21.Be5 Nd7 22.Bg3 {and Black still has problems to solve.} ) 21.Bd2 Bg5 22.h4 Bxd2 23.Qxd2 {Now Black seems to be close to equality after} 23...Qb8 $1 {with the idea} ( {Rather than} 23...Rd8 24.g5 Rxc3 25.gxh6 {(Caruana) which is indeed painful for Black.} ) 24.g5 hxg5 25.hxg5 Qf4 ) 20...Rd8 {White could not see a straightforward way to improve his position and tried} 21.Be5 {Which suddenly gave the desired effect.} 21...h5 {"I could not spend more time calculating this stuff" (Meier). "Positionally motivated, but still too risky. " (Caruana). The things that the German GM did not have the time to calculate might have exploded after:} ( 21...Nd7 22.Bxg7 {The move that they both calculated.} ( {Later Caruana admitted that he would have simply repeated the position once had Meier have played Nf6-d7 and then would look for something else.} 22.Bf4 ) 22...Kxg7 23.Nxe6+ ( {Caruana spent some time calculating the line} 23.Qg4+ Kf8 24.Qf4 ( {There is a draw after} 24.Nxe6+ fxe6 25.Qxe6 Ne5 26.Qxh6+ Kf7 ( {But not} 26...Ke8 $2 27.Rxe5 $1 Rxe5 28.Bg6# ) 27.Qh5+ Kf8 28.Qh6+ $11 ) 24...Bf6 25.Rxe6 fxe6 26.Qxh6+ Ke7 27.Qh7+ Kd6 {but found nothing for White.} ) 23...fxe6 24.Qxe6 ( {White can still transpose to the above-mentioned draw with:} 24.Qg4+ Kf8 25.Qxe6 Ne5 $1 26.Qxh6+ Kf7 27.Qh5+ $11 ) 24...Bf6 25.Qg4+ Kf8 26.Bh7 Ne5 $1 {when Black repels the attack with extra material.} ( {When Black would not fall for} 26...Bg7 27.Qe6 Nf6 28.Qe7# {(Caruana)} ) ) 22.f3 {Heading for the h5 pawn.} 22...Bd6 ( {Perhaps} 22...Nd7 $5 {was sill best although} 23.f4 {is a much better version for White to what we have seen from above.} ) 23.Bxf6 gxf6 24.Qe3 Kg7 ( {After} 24...Bf8 {both} 25.f4 ( {and especially} 25.g4 {seem strong for White.} ) ) 25.f4 Rg8 ( 25...Qc7 26.g3 {might have been Black's best defense (Caruana)} ) 26.Bc2 {Now White calmly prepares the sacrifice on e6.} 26...Bb8 27.Bb3 f5 ( 27...e5 {seems horrible after} 28.fxe5 Rxe5 29.Qg3+ Kf8 30.Qf4 {due to the leaky pawn structure.} ) 28.Nxe6+ {There he goes! On the top of the objective problems Meier was in severe time-trouble.} ( 28.Bxe6 $5 {would have also won material after} 28...Be4+ ( {Or} 28...fxe6 29.Nxe6+ Kg6 30.Nxc5 bxc5 31.Qe7 Be4+ 32.Rxe4 fxe4 33.Rd7 {with powerful attack.} ) 29.Qxe4 fxe4 30.Bxc8 Rcxc8 31.Rxe4 Kf6 {The good bishop compensates Black a bit, but two pawns are two pawns!} ) 28...fxe6 29.Qd4+ Kh7 ( {Or:} 29...e5 30.Qd7+ Kh8 31.Qf7 {and wins.} ) 30.Rxe6 {This also wins, although} ( 30.Bxe6 $1 {was more precise with complete domination after} 30...Qf8 31.Bxg8+ Kxg8 32.Qd7 Rc7 33.Qe6+ Rf7 34.Rd7 Be4+ 35.Ka1 ) 30...Be4+ 31.Ka1 ( {There is no need to calculate} 31.Rxe4 fxe4 32.Qxe4+ ) 31...Rg7 ( {After} 31...Rc7 {with the idea} 32.Qf6 ( {Caruana intended} 32.Rxe4 fxe4 33.Qxe4+ Kh8 34.Rd5 {with decisive attack.} ( 34.Rd6 {is actually the move when Black is indeed hopeless. For example} 34...Rh7 35.Qd4+ Rhg7 ( 35...Rgg7 36.Rd8+ Qxd8 37.Qxd8+ Rg8 38.Qxg8# ) 36.Rh6# ) ) 32...Qf8 $1 ) ( 31...Qf8 32.Rf6 ) 32.Qf6 Bxf4 33.Rd8 Qa6 34.Ree8 {The simplest. There was a forced mate too:} ( 34.Rh8+ Kxh8 35.Re8+ Kh7 36.Bg8+ Kh8 37.Bf7+ Kh7 38.Bg6+ ) 34...Qf1+ 35.Bd1 {Meier's opening survived, but he had to spend too much time in various moments of the game and this proved decisive at the end.} 1-0

[Event "GRENKE Chess Classic"]
[Site "?"]
[Date "2017.04.19"]
[Round "4.3"]
[White "Vachier Lagrave, Maxime"]
[Black "Hou, Yifan"]
[Result "1-0"]
[WhiteElo "2803"]
[BlackElo "2649"]
[EventDate "2017.??.??"]
[Annotator "Bojkov,Dejan"]
[PlyCount "135"]
[Beauty "5983694757388"]
[EventType "swiss"]
[EventRounds "7"]
[WhiteClock "1:18:54"]
[BlackClock "0:20:12"]

1.e4 e5 2.Nf3 Nc6 3.Bb5 Nf6 4.d3 {I was wrong. Even Vachier-Lagrave avoids the Berlin endgame nowadays...} 4...Bc5 5.c3 d5 6.Nbd2 ( {Another popular line runs:} 6.exd5 Qxd5 7.Bc4 Qd6 8.b4 {For example} 8...Bb6 9.a4 e4 10.dxe4 Qxd1+ 11.Kxd1 Nxe4 12.Kc2 Nd6 13.Re1+ Ne7 14.Bb3 Bf5+ 15.Kb2 {as in Caruana,F (2817)-Xiong,J (2674) Saint Louis 2017} ) 6...dxe4 7.dxe4 O-O 8.O-O a5 9.Bxc6 bxc6 10.Nxe5 Ba6 11.Re1 Re8 $146 {A novelty.} ( {MVL knew that the main line was} 11...Qd6 12.Ng4 Nxg4 13.Qxg4 Rae8 {and one email game ended in a draw here after} 14.Qg3 f5 15.Qxd6 cxd6 16.Nb3 Rxe4 17.Rxe4 fxe4 18.Nxc5 dxc5 19.Be3 Rb8 20.b3 c4 21.h4 Kf7 22.Kh2 Ke6 23.Kg3 Kf5 24.h5 {1/2-1/2 (24) Savio,G-Arbis,F (2131) ICCF email 2013} ) 12.Nxc6 {Now an endgame emerges by force.} 12...Qd6 13.Nd4 Bxd4 14.cxd4 Qxd4 15.Nb3 Qxd1 16.Rxd1 a4 {The pawn sacrifice deserved attention:} ( 16...Nxe4 17.Nxa5 Be2 18.Re1 Bb5 {with the idea} 19.Nb3 ( {But White can improve upon his play with} 19.b4 $5 Nc3 20.Rxe8+ Rxe8 21.Be3 {with the knights still on the board White should have decent winning chances.} ) 19...Nc5 20.Rxe8+ Rxe8 21.Be3 Nxb3 22.axb3 {and the opposite-colored bishop endgame should be a draw. But in any case Black cannot enter any of these lines without proper preparation.} ) 17.Nc5 Nxe4 18.Nxa6 Rxa6 19.Be3 {The endgame is favorable for White. The bishop is superior to the knight in play on both flanks, and White has the better pawn structure. But since there are only five pawns left for each side Black's chances to hold are very high. Vachier-Lagrave starts torturing his opponent in a not-very-gentleman's way.} 19...h5 20.Rac1 c6 21.Kf1 Nf6 22.Bc5 Nd5 {That is the good thing about the knights. They feel wonderful on central outposts. You also noticed that neither the knight, nor the pawn on c6 can be attacked by the enemy bishop.} 23.Rc4 Nc7 ( 23...f6 24.Rdd4 Rb8 {seems more natural, although it will most likely lead to the same thing later.} ) 24.a3 Rb8 25.Rd2 Nd5 26.Ke1 {The king goes to the queenside to defend the b2 pawn and set free the second rook.} 26...f6 27.Kd1 Kf7 28.Kc2 Rb5 29.Kb1 g6 30.Ka2 Ke6 {Hou also improved everything as much as possible.} 31.f3 Rb8 32.Re4+ Kf7 33.Rdd4 Rba8 34.Rc4 {White achieved a lot. His rooks are way more active than their counterparts. The only problem is that there is no proper usage of the bishop yet. Vachier-Lagrave figured he needs it on d2, but could not find a way to bring it there without trading the rooks.} 34...Ra5 35.Bf2 ( {In the line} 35.Bb4 Nxb4+ 36.axb4 ( 36.Rxb4 R5a7 {should be holdable for Black.} ) 36...R5a6 37.b5 cxb5 38.Rc7+ Kf8 39.Ree7 {Black should hold (Vachier-Lagrave).} ) 35...R5a6 36.Bc5 ( {If} 36.Be1 Re8 {and Black will relief her position by swapping off a pair of rooks. Of course} 37.Rxa4 $2 Rxa4 38.Rxa4 Rxe1 {is not good for White.} ) 36...Ra5 37.g3 R5a6 38.h4 $1 {Classy! It is time to create a second weakness on the opposite wing.} 38...Ra5 39.Bf2 R5a6 ( 39...Re8 $2 40.Rxc6 ) 40.Kb1 Rb8 41.Ka2 Rba8 42.g4 hxg4 $6 ( {I have the feeling that it was better not to allow a passer on the kingside and opt for} 42...Re8 {at once. After} 43.Rxe8 ( {Or} 43.Bc5 Rxe4 44.Rxe4 hxg4 45.fxg4 f5 {trading a bunch of pawns.} ) 43...Kxe8 44.gxh5 gxh5 {Black still has to suffer but it should be easier to hold than in the game.} ) 43.fxg4 Re8 $1 {The best chance.} ( {Here} 43...f5 {does not look convincing due to} 44.gxf5 gxf5 45.Re5 Kf6 46.Bd4 $1 ) 44.Rxe8 ( {Vachier-Lagrave quoted the line} 44.Rxa4 Rxa4 45.Rxa4 Re2 46.Ra7+ Ke6 47.Bc5 Rc2 48.Bf8 Rc4 {Instead both} ( 48...f5 $5 49.h5 gxh5 50.gxh5 f4 51.h6 f3 ) ( {And} 48...Rh2 $5 {seem quite convincing.} ) 49.h5 gxh5 50.gxh5 Rh4 51.h6 f5 {"and White does not have good control."} ) 44...Kxe8 45.h5 ( 45.b3 $5 {at once made sense too.} ) 45...Kf7 46.Be1 gxh5 47.gxh5 f5 {Hou defended great. All she needs now is to trade the last two dangerous pawns on b2 and h5; then she can draw even down a bishop with the corner pawn.} 48.Bd2 Nf6 49.Rc5 ( {Or} 49.Rf4 Ke6 50.Rh4 Ra7 ) 49...Ne4 $1 {Now after the forcing} ( {White believed he is technically winning after} 49...Nd5 50.Bg5 ) 50.Rxf5+ Ke6 51.Ra5 Rxa5 52.Bxa5 Kf6 {White realized that it might be a draw and tried the devilish} ( {Not} 52...Kf5 53.Bd8 {when the king cannot attack the pawn from in front.} ) 53.b3 $1 ( 53.Bb4 c5 {is equal} ) ( {The other winning attempt would be} 53.Kb1 Kg5 54.Kc2 Kxh5 55.Kd3 Nd6 $1 ( {Vachier-Lagrave also thought it will be a draw after} 55...Nc5+ 56.Kc4 Nb7 57.Kb4 Kg6 58.Kxa4 Kf7 59.Bb6 Ke7 60.Kb4 Kd7 61.a4 Nd6 {but things does not seem as easy here.} ) 56.Kc3 Kg6 57.Kb4 Kf5 58.Kc5 Ke6 59.Kxc6 Nc4 60.Bc3 Ke7 61.Kb5 Nxb2 62.Bxb2 Kd7 {with a text-book draw.} ) 53...Kg5 {Hou was very low on time and could not find the draw.} ( {The correct move was} 53...Nc5 $3 {with the idea:} 54.Bd8+ Kg7 55.Bg5 Nxb3 56.Kb2 Nc5 {Black is ready to sacrifice the knight for the pawns. For example:} 57.Kc2 {Here the most convincing is} ( 57.Be3 Ne4 58.Kc2 c5 59.Kd3 Nd6 60.Bxc5 Nb5 {when both White pawns will disapper.} ) 57...Ne6 ( 57...Ne4 58.Bf4 ) 58.Bc1 ( 58.Be3 Nc7 $1 {followed by Nc7-b5xa3 in the proper moment.} ) 58...Nd4+ 59.Kd3 Nb5 60.Kc4 Nxa3+ 61.Bxa3 Kh6 {draws} ) 54.Bb4 $3 {Now the knight is restricted and White wins.} 54...Kxh5 ( {Or} 54...axb3+ 55.Kxb3 c5 56.Be1 {and the knight is too far away from the critical squares.} 56...Kxh5 57.a4 Kg6 58.a5 Nd6 59.a6 Nb5 60.Kc4 Na7 61.Kxc5 {and White wins.} ) 55.bxa4 Nf6 56.a5 Nd5 57.a6 Nc7 58.a7 Kg6 59.Ba5 Na8 {Once more the knight is trapped.} 60.Kb3 Kf7 61.Kc4 Ke7 62.Kc5 Kd7 63.Bb6 {Zugzwang.} 63...Kc8 64.Kxc6 Nc7 $1 {Last chance. Alas, it does not work.} 65.Bg1 ( 65.Bxc7 {is stalemate!} ) 65...Na8 66.Bh2 Nc7 67.Kb6 Na8+ 68.Ka6 {Another zugzwang and Hou resigned.} 1-0

[Event "GRENKE Chess Classic"]
[Site "?"]
[Date "2017.04.21"]
[Round "6.3"]
[White "Aronian, Levon"]
[Black "Hou, Yifan"]
[Result "1-0"]
[WhiteElo "2774"]
[BlackElo "2649"]
[EventDate "2017.??.??"]
[Annotator "Bojkov,Dejan"]
[PlyCount "83"]
[Beauty "7560350400520"]
[EventType "swiss"]
[EventRounds "7"]
[WhiteClock "1:30:17"]
[BlackClock "0:47:39"]

1.d4 Nf6 2.c4 e6 3.Nf3 d5 4.Nc3 Nbd7 5.Qc2 dxc4 6.e4 c5 7.Bxc4 ( 7.dxc5 Bxc5 8.Bxc4 Qc7 9.O-O a6 10.Bb3 b5 11.Qe2 b4 12.Na4 Bb7 13.e5 {Topalov,V (2760)-Anand,V (2779) Saint Louis 2016} ) 7...a6 {A typical comment for Aronian was: "I actually did not remember so much about this a6 move." And then he quickly throws a novelty on the board...} 8.d5 $146 {White sacs a pawn but makes sure that the opponent will not be fast with the development.} ( {Previously Black did not experience any problems after} 8.Be2 cxd4 9.Nxd4 Qc7 10.a4 b6 {Juarez Flores,R (2207)-Perunovic,M (2575) Mallorca 2004} ) 8...Nb6 9.Be2 exd5 10.e5 Ne4 {Hou decided to give the pawn back and speed up the development.} ( {Aronian believed that Black's best might be the seemingly timid} 10...Ng8 {with the idea Ng8-e7-c6. White can then try} 11.a4 {hoping for} 11...a5 ( {But instead Black can proceed with the development} 11...Ne7 {as} 12.a5 {would be met with} 12...Bf5 13.Qb3 Nc4 {with an unclear position.} ) 12.Nb5 {when Black's plan is spoiled.} ) ( {White liked the position after} 10...Ng4 11.O-O ) 11.Nxe4 dxe4 12.Qxe4 Qd5 {With the queenside majority, Black is happy to swap off the queens.} 13.Qf4 ( 13.Qc2 $5 g6 14.b3 Bf5 15.Qc3 {"might have been more precise." (Aronian)} ) ( 13.Qxd5 $6 Nxd5 {is maybe even a bit better for Black.} ) 13...Be7 ( {Perhaps Hou should have tried long castling after} 13...h6 $5 14.O-O Be6 15.Rd1 Qc6 16.Qg3 Nd5 {Next 0-0, then the knight can be brought to f5 to torture the white queen.} ) 14.O-O O-O 15.Rd1 {Now White seems a bit better. His center is stronger, and this is very important into the middlegame.} 15...Qe6 16.Ng5 Qf5 {"I blundered this move." (Aronian)} ( {"For some weird reason, I was only considering:"} 16...Qg6 17.Bd3 Rd8 18.Qf3 {"and White wins." (Aronian)} 18...Bg4 19.Bxg6 Rxd1+ 20.Qxd1 Bxd1 21.Bxf7+ ( {Or} 21.Bxh7+ {in both cases with a clear extra pawn.} ) ) 17.Bf3 {"I could not find anything better than this. The endgame seems drawish, but there are some practical problems that Black needs to solve. It is also very easy to play it as White." (Aronian)} ( 17.Qg3 $5 {was not that bad actually as after} 17...h6 18.Nh3 {The knight can be nicely rerouted to the f4-square.} 18...Kh8 19.Nf4 {White seems like having more fun now.} ) ( {White disliked the immediate} 17.Ne4 Qxf4 18.Bxf4 Be6 {although here too Black has problems to solve after} 19.Be3 ) 17...Qxf4 18.Bxf4 Nc4 19.b3 Bxg5 ( {Instead} 19...Nxe5 20.Bxe5 Bxg5 21.Bd6 Re8 22.Bxc5 {is clearly better for White thanks to his active bishops.} ) 20.Bxg5 Nxe5 21.Be4 Re8 22.f3 {A pawn is well compensated in the endgame by the bishop pair. With the board wide open, the bishops rule the game. On top of that, Hou has a problem with her queenside.} 22...h6 {A tricky move.} ( 22...f6 {looks more solid though} 23.Be3 ( 23.Bf4 ) ) ( {Aronian did not mention this, but it was obvious that he was considering the line} 22...Rb8 23.Be7 $1 Bf5 $5 24.Bd6 Bxe4 25.Bxb8 Bxf3 26.Bxe5 Bxd1 27.Rxd1 {where White wins thanks to the back-rank motifs.} ) 23.Bh4 {Hou's idea is seen in the line} ( 23.Be3 Nd7 $1 {with the threat Nd7-f6!} ) 23...c4 ( {Here Leko's suggestion} 23...Rb8 $5 {was more effective. Without the back-rank mates, Black has good chances to survive after} 24.Be7 Bf5 25.Bd6 Bxe4 26.Bxb8 Bxf3 27.Re1 Rxb8 28.Rxe5 Bc6 29.Rxc5 {"This looks close to a draw." (Aronian)} ) 24.bxc4 Nxc4 25.Rac1 Be6 ( {Up to here, Hou defended excellently and had she played} 25...Ne3 $5 26.Rd2 {and now not, as suggested by Aronian,} 26...Nf5 ( {But} 26...f5 $1 {to kick the bishop away from the long diagonal, she would have most likely survived. For example} 27.Bb1 ( {Or} 27.Bd3 Be6 28.Bf2 f4 {with a draw as a most probably outcome.} ) 27...Be6 28.Rd6 b5 {followed by Ne3-c4 and Black is rock-solid.} ) 27.Bf2 Be6 28.Bxb7 Rad8 29.Rxd8 Rxd8 30.a4 {when Black suffers.} ) 26.Bxb7 Ra7 27.Be4 a5 {The last chance according to White was:} ( 27...f5 28.Bxf5 ( 28.Bc6 {might be actually better although Black gets "control" after} 28...Rc8 29.Ba4 Rac7 {(Aronian)} ) 28...Bxf5 29.Rxc4 {Aronian believed that this is won. But this might be because he has 5/6...} ) 28.Rd4 {"Now it should be won" said the Armenian GM. Indeed, the bishops and rooks can attack easily on both flanks.} 28...Ne5 ( {But maybe Hou could have tried to build a rock-solid fortress after} 28...Rc7 ) 29.Bg3 f6 30.a3 Rd7 31.Bxe5 $1 {You know that one of the main advantages of the bishops is that you can always trade them.} 31...fxe5 32.Rxd7 Bxd7 33.Rc7 {White wins a pawn and the game.} 33...Bb5 ( 33...Re7 34.Bf5 ) 34.Rc5 Rb8 35.Rxe5 a4 36.h4 Kf7 37.Rc5 Be8 38.Bc2 Rb2 39.Rc4 Ra2 40.Bxa4 Ra1+ ( 40...Rxa3 41.Rf4+ ) 41.Kh2 Bxa4 42.Rxa4 1-0